|
|
|
|
| LEADER |
00000cam a2200000 c 4500 |
| 001 |
211235164 |
| 003 |
DE-627 |
| 005 |
20260113165752.0 |
| 007 |
tu |
| 008 |
960531s1985 xxk||||| 00| ||eng c |
| 020 |
|
|
|a 0704505134
|9 0-7045-0513-4
|
| 035 |
|
|
|a (DE-627)211235164
|
| 035 |
|
|
|a (DE-576)021444846
|
| 035 |
|
|
|a (DE-599)GBV211235164
|
| 035 |
|
|
|a (OCoLC)13402791
|
| 035 |
|
|
|a (OCoLC)13402791
|
| 035 |
|
|
|a (DE-604)8012119466
|
| 040 |
|
|
|a DE-627
|b ger
|c DE-627
|e rakwb
|
| 041 |
|
|
|a eng
|
| 044 |
|
|
|c XA-GB
|
| 082 |
0 |
|
|a 338.542
|q OCLC
|2 21
|
| 082 |
0 |
|
|a 305.562/0941
|
| 084 |
|
|
|a SUEDASIEN
|q DE-16
|2 fid
|
| 084 |
|
|
|a NW 2350
|2 rvk
|0 (DE-625)rvk/131989:
|
| 084 |
|
|
|a NQ 3210
|2 rvk
|0 (DE-625)rvk/128362:
|
| 100 |
1 |
|
|a Gray, Nigel
|e Mitarb.
|4 aut
|
| 245 |
1 |
4 |
|a The worst of times
|b an oral history of the Great Depression in Britain
|c Nigel Gray
|
| 264 |
|
1 |
|a London
|b Wildwood House [u.a.]
|c 1985
|
| 300 |
|
|
|a 201 S
|b Ill
|
| 336 |
|
|
|a Text
|b txt
|2 rdacontent
|
| 337 |
|
|
|a ohne Hilfsmittel zu benutzen
|b n
|2 rdamedia
|
| 338 |
|
|
|a Band
|b nc
|2 rdacarrier
|
| 500 |
|
|
|a [Social conditions, Great Britain, interviews,]
|
| 583 |
1 |
|
|a Archivierung prüfen
|c 20200919
|f DE-640
|z 2
|2 pdager
|
| 583 |
1 |
|
|a Archivierung/Langzeitarchivierung gewährleistet
|f SLG
|x XA-DE-BW
|z BfZ
|2 pdager
|5 DE-24
|
| 583 |
1 |
|
|a Archivierung prüfen
|c 20240324
|f DE-4165
|z 3
|2 pdager
|
| 583 |
1 |
|
|a Archivierung/Langzeitarchivierung gewährleistet
|f FID
|x XA-DE-BW
|2 pdager
|5 DE-16-77
|
| 648 |
|
4 |
|a Geschichte 1920 -1930
|
| 650 |
0 |
7 |
|0 (DE-588)4068799-5
|0 (DE-627)106104950
|0 (DE-576)209174692
|a Arbeiterklasse
|2 gnd
|
| 650 |
|
4 |
|a Lebenssituation
|
| 655 |
|
7 |
|a Erlebnisbericht
|0 (DE-588)4133254-4
|0 (DE-627)105681490
|0 (DE-576)209642378
|2 gnd-content
|
| 689 |
0 |
0 |
|d g
|0 (DE-588)4022153-2
|0 (DE-627)104665513
|0 (DE-576)208942076
|a Großbritannien
|2 gnd
|
| 689 |
0 |
1 |
|d s
|0 (DE-588)4079171-3
|0 (DE-627)106075373
|0 (DE-576)209211229
|a Weltwirtschaftskrise
|g 1929-1932
|2 gnd
|
| 689 |
0 |
|
|5 (DE-627)
|
| 689 |
1 |
0 |
|d s
|0 (DE-588)4066466-1
|0 (DE-627)106113429
|0 (DE-576)209164727
|a Wirtschaftskrise
|2 gnd
|
| 689 |
1 |
|
|5 (DE-627)
|
| 689 |
2 |
0 |
|a z
|2 gnd
|a Sozialgeschichte 1900-1985
|
| 689 |
2 |
|
|5 (DE-627)
|
| 689 |
3 |
0 |
|d s
|0 (DE-588)4002567-6
|0 (DE-627)104637412
|0 (DE-576)208847731
|a Arbeit
|2 gnd
|
| 689 |
3 |
1 |
|a z
|2 gnd
|a Geschichte 1900-1985
|
| 689 |
3 |
|
|5 (DE-627)
|
| 689 |
4 |
0 |
|d s
|0 (DE-588)4065471-0
|0 (DE-627)106118803
|0 (DE-576)209158832
|a Weltwirtschaftskrise
|2 gnd
|
| 689 |
4 |
|
|5 (DE-627)
|
| 935 |
|
|
|i Blocktest
|
| 936 |
r |
v |
|a NW 2350
|b Großbritannien, Nordirland
|k Geschichte
|k Wirtschafts- und Sozialgeschichte
|k Allgemeine Wirtschafts- und Sozialgeschichte
|k Allgemeines zur Wirtschafts- und Sozialgeschichte einzelner Staaten
|k Europa
|k Außerdeutsche Staaten Europas
|k Großbritannien, Nordirland
|0 (DE-627)1271494256
|0 (DE-625)rvk/131989:
|0 (DE-576)201494256
|
| 936 |
r |
v |
|a NQ 3210
|b Geschichte 1918 - 1939
|k Geschichte
|k Geschichte seit 1918
|k Geschichte der auswärtigen Staaten (1918 - 1945)
|k Westeuropa
|k Großbritannien und Irland
|k Geschichte 1918 - 1939
|0 (DE-627)1271471418
|0 (DE-625)rvk/128362:
|0 (DE-576)201471418
|
| 951 |
|
|
|a BO
|
| ELC |
|
|
|b 1
|
| LOK |
|
|
|0 000 xxxxxcx a22 zn 4500
|
| LOK |
|
|
|0 001 3342789255
|
| LOK |
|
|
|0 003 DE-627
|
| LOK |
|
|
|0 004 211235164
|
| LOK |
|
|
|0 005 19900828000000
|
| LOK |
|
|
|0 008 900828||||||||||||||||ger|||||||
|
| LOK |
|
|
|0 040
|a DE-21
|c DE-627
|d DE-21
|
| LOK |
|
|
|0 852
|a DE-21
|
| LOK |
|
|
|0 852 1
|c KB 18 A 344
|9 00
|
| LOK |
|
|
|0 935
|a krim
|
| LOK |
|
|
|0 936ln
|a k1
|
| LOK |
|
|
|0 939
|a 28-08-90
|b l01
|
| ORI |
|
|
|a SA-MARC-krimdoka001.raw
|
| SIG |
|
|
|a UB: KB 18 A 344
|
| TIM |
|
|
|a 100019000101_100019851231
|b Sozialgeschichte 1900-1985
|